[Event "World Corporate East A"]
[Site "Chess.com INT"]
[Date "2021.02.20"]
[Round "6.6"]
[White "Shyamu, Sharma"]
[Black "Bottino, Alexiei"]
[Result "1/2-1/2"]
[WhiteElo "2100"]
[BlackElo "2008"]
[PlyCount "61"]
[EventDate "2021.02.19"]
[EventType "team (rapid)"]
[EventRounds "7"]
[EventCountry "USA"]
[SourceTitle "EXT 2022"]
[Source "ChessBase"]
[SourceDate "2021.10.06"]
[SourceVersion "1"]
[SourceVersionDate "2021.10.06"]
[SourceQuality "1"]
[WhiteTeam "Deutsche Bank Pune"]
[BlackTeam "Amazon"]
[WhiteTeamCountry "IND"]
[BlackTeamCountry "GER"]

1. d4 d5 2. Nf3 Nf6 3. e3 Bg4 4. c4 e6 5. Nc3 c6 6. Be2 Bd6 7. Qb3 Qb6 8. Qc2 Qd8 9. h3 Bh5 10. Qb3 Qb6 11. Qc2 Qd8 12. 0-0 Nbd7 13. Qb3 Qb6 14. Qa4 Qd8 15. cxd5 exd5 16. Qc2 Qe7 17. Re1 0-0 18. a3 Bg6 19. Bd3 Ne4 20. Nd2 Rfe8 21. Bxe4 dxe4 22. b4 Rac8 23. Bb2 Qh4 24. Qa4 a6 25. Rac1 Bb8 26. Qb3 Bf5 27. Nf1 Re6 28. Ne2 Rg6 29. Neg3 Be6 30. Qc2 Nf6 31. Qc5 1/2-1/2